MARC details
| 000 -CABECERA |
| campo de control de longitud fija |
01130nam a22002777a 4500 |
| 003 - IDENTIFICADOR DEL NÚMERO DE CONTROL |
| campo de control |
DO-SdBNP |
| 005 - FECHA Y HORA DE LA ÚLTIMA TRANSACCIÓN |
| campo de control |
20260522101321.0 |
| 007 - CAMPO FIJO DE DESCRIPCIÓN FÍSICA--INFORMACIÓN GENERAL |
| campo de control de longitud fija |
ta |
| 008 - DATOS DE LONGITUD FIJA--INFORMACIÓN GENERAL |
| campo de control de longitud fija |
210824b2018 a|||| |||| 00| 0 spa |
| 020 ## - NÚMERO INTERNACIONAL ESTÁNDAR DEL LIBRO |
| Número Internacional Estándar del Libro |
978-1-61790-127-0 |
| 040 ## - FUENTE DE LA CATALOGACIÓN |
| Centro catalogador/agencia de origen |
DO-SdBNP |
| Lengua de catalogación |
spa |
| Centro/agencia transcriptor |
BNPHU |
| 082 #4 - NÚMERO DE LA CLASIFICACIÓN DECIMAL DEWEY |
| Número de edición |
22 |
| Número de clasificación |
864.5 |
| Número de documento/Ítem |
C737 |
| 245 01 - MENCIÓN DE TÍTULO |
| Título |
Compendio experimental sobre comunicación política electoral y sus vinculos con la psicología / |
| Mención de responsabilidad, etc. |
Roberto Rímoli, Carlos Báez Eversz, Kenia R. Del Orbe Ayala [et.al.] |
| 260 ## - PUBLICACIÓN, DISTRIBUCIÓN, ETC. |
| Lugar de publicación, distribución, etc. |
Miami, FL : |
| Nombre del editor, distribuidor, etc. |
SV. Graphic, |
| Fecha de publicación, distribución, etc. |
2018. |
| 300 ## - DESCRIPCIÓN FÍSICA |
| Extensión |
316 p. : |
| Otras características físicas |
il.; fot. |
| Dimensiones |
21 cm |
| 500 ## - NOTA GENERAL |
| Nota general |
El libro está compuesto por 17 capítulos. |
| 500 ## - NOTA GENERAL |
| Nota general |
Incluye referencias bibliográficas al final de cada capítulo. |
| 590 ## - NOTA LOCAL (RLIN) |
| Nota local |
Inventariado, 2021 / SA |
| 650 #0 - PUNTO DE ACCESO ADICIONAL DE MATERIA--TÉRMINO DE MATERIA |
| Término de materia o nombre geográfico como elemento de entrada |
Comunicación en psicología |
| 9 (RLIN) |
45934 |
| 650 #4 - PUNTO DE ACCESO ADICIONAL DE MATERIA--TÉRMINO DE MATERIA |
| 9 (RLIN) |
1659 |
| Término de materia o nombre geográfico como elemento de entrada |
Comunicación |
| Subdivisión general |
Aspecto Sociales |
| 650 #4 - PUNTO DE ACCESO ADICIONAL DE MATERIA--TÉRMINO DE MATERIA |
| 9 (RLIN) |
10023 |
| Término de materia o nombre geográfico como elemento de entrada |
Comunicación |
| Subdivisión de forma |
Política |
| 700 ## - PUNTO DE ACCESO ADICIONAL--NOMBRE DE PERSONA |
| 9 (RLIN) |
26602 |
| Nombre de persona |
Rímoli, Roberto |
| Término indicativo de función/relación |
Editor : Selección, introducción y edición |
| 700 1# - PUNTO DE ACCESO ADICIONAL--NOMBRE DE PERSONA |
| Nombre de persona |
Rojas Osorio, Carlos |
| Fechas asociadas al nombre |
1946- |
| Término indicativo de función/relación |
Prólogo |
| -- |
Prof. emeritus, Universidad de Pueto Rico |
| 9 (RLIN) |
808 |
| 910 ## - DATOS DE OPCIÓN DEL USUARIO (OCLC) |
| Datos de opción del usuario |
Saquino |
| 942 ## - ELEMENTOS DE PUNTO DE ACCESO ADICIONAL (KOHA) |
| Fuente del sistema de clasificación o colocación |
Dewey Decimal Classification |
| Tipo de ítem Koha |
Libro |